000 01371nam a2200349 c 4500
003 BLK
005 20210720105936.0
008 180408b bul|||||r ||||||| ||bul||
010 _aKNG00098805000
020 _a978-954-26-0922-3
_bиздат.: Хермес
040 _aBLK
041 _aBUL
_cBUL
072 7 _2bullib
_aН83
_xЧужда художествена литература Н
080 _aАмериканска литература (на САЩ)
_b821.111(73)
_x-31
_z821.111(73)-31
100 1 _aТучило, Лиз
_eпърви автор
_9131873
700 1 _aЛазарова, Стоянка Христова
_eпрев. от англ.
_9302372
139 _aТучило, Лиз
_bТ 93
245 1 0 _aИзкуството да си сама
_cЛиз Тучило; прев. от англ. Стоянка Христова Лазарова.
257 _aUSA
260 Пловдив
_bХермес
_c2010
_fХасково : Полиграфюг
300 _a448 с.
_c20 см
380 _aX
490 1 _aКолекция Ева
500 _aОриг. загл. How to Be Single / Liz Tuccillo.
653 _aромани
659 _aН
852 _aЦб 250393
856 4 _qpdf
_u
856 4 _qpdf
_u
942 _cKNG
_n0
_019
944 _aCR
_c16.12.2010
_lф /
_kГеновева_Генчева
944 _aED
_c29.09.2017
_lф /
_kЛюдмила_Стоянова
999 _c93987
_d93987